000
00332nam a2200121 a 4500
005
20140414093836.0
008
030611s19uu xx 00 eng d
050
_a
CDR 415
_b
MUL 1995
245
_a
Multimedia middle school grammar.
650
_a
Grammar
_x
Secondary education
_x
Interactive videos.
942
_c
AVM
999
_c
109032
_d
109032